Pensamiento estratégico y lógica de programación (el caso de salud) / (Registro nro. 452)

Detalles MARC
000 -LEADER
fixed length control field 01060 am a2200301 a 4500
005 - FECHA ULTIMA MODIFICACION
control field 20240223091940.0
008 - CAMPO DE CONTROL (LIBRO)
fixed length control field 100630s1995||||ag # f |||| 001 0 spa d
020 ## - INTERNATIONAL STANDARD BOOK NUMBER
ISBN 9508920114
041 ## - CODIGO DE IDIOMA
Código de idioma del texto/pista de sonido o título separado spa
092 ## - SIGNATURA TOPOGRAFICA DEWEY LOCAL
número de clasificación 614.07
libristica 82
sección TES
100 1# - ENTRADA PRINCIPAL--NOMBRE PERSONAL
Nombre personal Testa, Mario.
9 (RLIN) 24
245 ## - TITULO PROPIAMENTE DICHO
Título Pensamiento estratégico y lógica de programación (el caso de salud) /
Mención de responsabilidad y remanente de la transcripción de la portada Mario Testa.
250 ## - MENCION DE EDICION
Mención de edición 1a ed.
260 ## - PIE DE IMPRENTA
Lugar de publicación, distribución, etc Buenos Aires:
Nombre de la editorial, distribuidor, etc Lugar Editorial;
Fecha de publicación 1995.
300 ## - DESCRIPCION FISICA
Extension 295 p.
500 ## - NOTA GENERAL
Nota general Testa, M. (1995). Pensamiento estratégico y lógica de programación (el caso de salud). (1a ed.). Buenos Aires : Lugar Editorial.
590 ## - NOTAS LOCALES (RLIN)
Nota local Donación Editorial Lugar, Nov. 2005
653 ## - TÉRMINO INDIZADO - PALABRAS CLAVES
Palabra clave Pensamiento estratégico
653 ## - TÉRMINO INDIZADO - PALABRAS CLAVES
Palabra clave Política y estrategia
653 ## - TÉRMINO INDIZADO - PALABRAS CLAVES
Palabra clave Cultura como problema estratégico
653 ## - TÉRMINO INDIZADO - PALABRAS CLAVES
Palabra clave Lógica de programación
653 ## - TÉRMINO INDIZADO - PALABRAS CLAVES
Palabra clave Lógica de la organización
653 ## - TÉRMINO INDIZADO - PALABRAS CLAVES
Palabra clave Lógica de la población
653 ## - TÉRMINO INDIZADO - PALABRAS CLAVES
Palabra clave Indicadores
653 ## - TÉRMINO INDIZADO - PALABRAS CLAVES
Palabra clave Tiempos técnicos (la lógica) y políticos (la estrategia)
930 ## - NUMERO DE INVENTARIO
Número de inventario 1365
942 ## - ADDED ENTRY ELEMENTS (KOHA)
Source of classification or shelving scheme Dewey Decimal Classification
Item type Libros
Existencias
Estado de retiro Existencia Estado general No para prestamo Ubicación permanente ubicación actual Sala de ubicación Fecha de adquisición Total Checkouts Número de clasificación Código de barras Date last seen Número de ejemplar Price effective from Koha tipo de elemento (item)
        Biblioteca Medicina Biblioteca Medicina Circulación 13/05/2011   614.07 82 TES 1365 06/11/2014 ej.1 13/05/2011 Libros

UNIVERSIDAD NACIONAL DEL COMAHUE
Biblioteca de la Facultad de Ciencias Médicas
Sede Toschi: Los Arrayanes y Av. Toschi, Cipolletti  - Rio Negro
Sede Los Tordos:  Yrigoyen al 2211, Cipolletti - Rio Negro 

Teléfono: 0299 - 4774707 int 25
Contacto: biblioteca@facimed.uncoma.edu.ar
© 2011 - 2026